Miasta województwa Śląskiego - Statystyki

Ogólne statystyki
  • Ten quiz został rozwiązany 127 razy
    26 od ostatniego zresetowania
  • Średni wynik to 42 z 75
Statystyki odpowiedzi
Ludność Miasto % Poprawnych
207 117 Częstochowa
100%
279 119 Katowice
100%
101 184 Chorzów
95%
129 531 Ruda Śląska
95%
188 151 Sosnowiec
95%
154 642 Zabrze
95%
166 189 Bielsko-Biała
90%
170 457 Gliwice
90%
71 473 Mysłowice
90%
130 373 Rybnik
90%
122 605 Tychy
90%
148 687 Bytom
86%
114 148 Dąbrowa Górnicza
86%
63 657 Siemianowice Śląskie
86%
33 087 Cieszyn
81%
51 876 Piekary Śląskie
81%
61 389 Tarnowskie Góry
81%
54 061 Będzin
76%
29 981 Czeladź
76%
87 166 Jaworzno
76%
41 479 Mikołów
76%
29 560 Myszków
76%
44 982 Wodzisław Śląski
76%
34 862 Czechowice-Dziedzice
71%
10 678 Wisła
71%
82 788 Jastrzębie-Zdrój
67%
49 883 Racibórz
67%
45 644 Świętochłowice
67%
46 433 Zawiercie
67%
61 793 Żory
67%
23 392 Lubliniec
62%
25 177 Pszczyna
62%
16 099 Radzionków
62%
5 322 Szczyrk
62%
15 979 Ustroń
62%
29 723 Żywiec
57%
18 891 Bieruń
52%
13 524 Skoczów
52%
12 297 Kłobuck
48%
35 739 Knurów
48%
16 407 Lędziny
48%
6 948 Miasteczko Śląskie
48%
26 614 Czerwionka-Leszczyny
43%
2 386 Koziegłowy
43%
21 221 Łaziska Górne
43%
20 325 Rydułtowy
43%
6 871 Sławków
43%
5 404 Koniecpol
38%
4 107 Ogrodzieniec
38%
21 881 Orzesze
38%
17 178 Pyskowice
38%
5 714 Siewierz
38%
4 360 Żarki
38%
9 432 Imielin
33%
1 000 Janów
33%
4 644 Kuźnia Raciborska
33%
6 414 Łazy
33%
1 769 Pilica
33%
3 489 Toszek
33%
9 070 Blachownia
29%
13 041 Pszów
29%
16 938 Radlin
29%
3 534 Strumień
29%
3 363 Szczekociny
29%
3 169 Wilamowice
29%
8 507 Wojkowice
29%
4 120 Woźniki
29%
8 196 Kalety
24%
4 091 Krzepice
24%
8 143 Poręba
24%
1 965 Sośnicowice
24%
2 021 Krzanowice
19%
2 497 Olsztyn
19%
1 144 Przyrów
19%
1 157 Włodowice
19%
Nie znaleziono quizów pasujących do podanych kryteriów
Rozkład punktacji
Procent ludzi z każdym wynikiem
Percentyl według liczby udzielonych odpowiedzi
Twoja historia wyników
Nie rozwiązałeś tego quizu od ostatniego zresetowania